|
|
|
|
| LEADER |
03910nam a22005895i 4500 |
| 001 |
978-3-319-00354-2 |
| 003 |
DE-He213 |
| 005 |
20151030011347.0 |
| 007 |
cr nn 008mamaa |
| 008 |
130625s2013 gw | s |||| 0|eng d |
| 020 |
|
|
|a 9783319003542
|9 978-3-319-00354-2
|
| 024 |
7 |
|
|a 10.1007/978-3-319-00354-2
|2 doi
|
| 040 |
|
|
|d GrThAP
|
| 050 |
|
4 |
|a TA401-492
|
| 072 |
|
7 |
|a TGM
|2 bicssc
|
| 072 |
|
7 |
|a TNC
|2 bicssc
|
| 072 |
|
7 |
|a TEC021000
|2 bisacsh
|
| 082 |
0 |
4 |
|a 620.11
|2 23
|
| 100 |
1 |
|
|a Scherer, Maik Rudolf Johann.
|e author.
|
| 245 |
1 |
0 |
|a Double-Gyroid-Structured Functional Materials
|h [electronic resource] :
|b Synthesis and Applications /
|c by Maik Rudolf Johann Scherer.
|
| 264 |
|
1 |
|a Heidelberg :
|b Springer International Publishing :
|b Imprint: Springer,
|c 2013.
|
| 300 |
|
|
|a XXI, 198 p.
|b online resource.
|
| 336 |
|
|
|a text
|b txt
|2 rdacontent
|
| 337 |
|
|
|a computer
|b c
|2 rdamedia
|
| 338 |
|
|
|a online resource
|b cr
|2 rdacarrier
|
| 347 |
|
|
|a text file
|b PDF
|2 rda
|
| 490 |
1 |
|
|a Springer Theses, Recognizing Outstanding Ph.D. Research,
|x 2190-5053
|
| 505 |
0 |
|
|a Nanostructuring of functional materials -- Gyroid and gyroid-like surfaces -- Diblock copolymer synthesis -- Voided double-gyroid thin film templates -- Templating of metal oxides by electrodeposition -- Electrodeposition of metals -- Electropolymerization of conjugated polymers -- Atomic layer deposition of metal oxides.
|
| 520 |
|
|
|a The development of new high-tech applications and devices has created a seemingly insatiable demand for novel functional materials with enhanced and tailored properties. Such materials can be achieved by three-dimensional structuring on the nanoscale, giving rise to a significant enhancement of particular functional characteristics which stems from the ability to access both surface/interface and bulk properties. The highly ordered, bicontinuous double-gyroid morphology is a fascinating and particularly suitable 3D nanostructure for this purpose due to its highly accessible surface area, connectivity, narrow pore diameter distribution and superb structural stability. The presented study encompasses a wide range of modern nanotechnology techniques in a highly versatile bottom-up nanopatterning strategy that splits the fabrication process into two successive steps: the preparation of mesoporous double-gyroid templates utilizing diblock copolymer self-assembly, and their replication with a functional material employing electrochemical deposition and atomic layer deposition. The double-gyroid structured materials discussed include metals, metal oxides, and conjugated polymers, which are applied and characterized in high-performance devices, such as electrochromic displays, supercapacitors, chemical sensors and photovoltaics. This publication addresses a wide range of readers, from researchers and specialists who are professionally active in the field, to more general readers interested in chemistry, nanoscience and physics.
|
| 650 |
|
0 |
|a Materials science.
|
| 650 |
|
0 |
|a Polymers.
|
| 650 |
|
0 |
|a Nanoscale science.
|
| 650 |
|
0 |
|a Nanoscience.
|
| 650 |
|
0 |
|a Nanostructures.
|
| 650 |
|
0 |
|a Surfaces (Physics).
|
| 650 |
|
0 |
|a Interfaces (Physical sciences).
|
| 650 |
|
0 |
|a Thin films.
|
| 650 |
|
0 |
|a Structural materials.
|
| 650 |
|
0 |
|a Nanotechnology.
|
| 650 |
1 |
4 |
|a Materials Science.
|
| 650 |
2 |
4 |
|a Structural Materials.
|
| 650 |
2 |
4 |
|a Nanoscale Science and Technology.
|
| 650 |
2 |
4 |
|a Polymer Sciences.
|
| 650 |
2 |
4 |
|a Nanotechnology.
|
| 650 |
2 |
4 |
|a Surface and Interface Science, Thin Films.
|
| 710 |
2 |
|
|a SpringerLink (Online service)
|
| 773 |
0 |
|
|t Springer eBooks
|
| 776 |
0 |
8 |
|i Printed edition:
|z 9783319003535
|
| 830 |
|
0 |
|a Springer Theses, Recognizing Outstanding Ph.D. Research,
|x 2190-5053
|
| 856 |
4 |
0 |
|u http://dx.doi.org/10.1007/978-3-319-00354-2
|z Full Text via HEAL-Link
|
| 912 |
|
|
|a ZDB-2-CMS
|
| 950 |
|
|
|a Chemistry and Materials Science (Springer-11644)
|